Nota My #QuranTime : (Record no. 194103)
[ view plain ]
| 000 -LEADER | |
|---|---|
| fixed length control field | 01103nam a2200301 i 4500 |
| 005 - DATE AND TIME OF LATEST TRANSACTION | |
| control field | 20231219173102.0 |
| 008 - FIXED-LENGTH DATA ELEMENTS--GENERAL INFORMATION | |
| fixed length control field | 231219s2023 my a gr 000 0 may d |
| 020 ## - INTERNATIONAL STANDARD BOOK NUMBER | |
| International Standard Book Number | 9789678610193 |
| Terms of availability | RM 30.00 |
| Qualifying information | paperback |
| 040 ## - CATALOGING SOURCE | |
| Original cataloging agency | PPAK |
| Language of cataloging | eng |
| Transcribing agency | PPAK |
| Description conventions | rda |
| 082 04 - DEWEY DECIMAL CLASSIFICATION NUMBER | |
| Classification number | 297.1224045 |
| Edition number | 23 |
| 090 00 - LOCALLY ASSIGNED LC-TYPE CALL NUMBER (OCLC); LOCAL CALL NUMBER (RLIN) | |
| Classification number (OCLC) (R) ; Classification number, CALL (RLIN) (NR) | 297.1224045 |
| Feature heading | NOT |
| Feature heading | G |
| 245 00 - TITLE STATEMENT | |
| Title | Nota My #QuranTime : |
| Remainder of title | ...Baca, Faham, Amal. |
| Number of part/section of a work | JUZUK 20 / |
| Statement of responsibility, etc. | YAYASAN WARISAN UMMAH IKHLAS. |
| 246 34 - VARYING FORM OF TITLE | |
| Title proper/short title | Nota My #QuranTime : |
| Remainder of title | ...Baca, Faham, Amal : CARA MUDAH BERINTERAKSI DENGAN AL-QURAN. |
| Number of part/section of a work | JUZUK 20 |
| 264 #1 - PRODUCTION, PUBLICATION, DISTRIBUTION, MANUFACTURE, AND COPYRIGHT NOTICE | |
| Place of production, publication, distribution, manufacture | Shah Alam, Selangor : |
| Name of producer, publisher, distributor, manufacturer | Grup Buku KarangKraf Sdn. Bhd., |
| Date of production, publication, distribution, manufacture, or copyright notice | 2023 |
| 300 ## - PHYSICAL DESCRIPTION | |
| Extent | 357 pages ; |
| Dimensions | 24 cm. |
| 336 ## - CONTENT TYPE | |
| Source | rdacontent |
| Content type term | text |
| 337 ## - MEDIA TYPE | |
| Source | rdamedia |
| Media type term | unmediated |
| 338 ## - CARRIER TYPE | |
| Source | rdacarrier |
| Carrier type term | volume |
| 490 1# - SERIES STATEMENT | |
| Series statement | KARYA BESTARI |
| 650 10 - SUBJECT ADDED ENTRY--TOPICAL TERM | |
| Topical term or geographic name entry element | Qur'an |
| General subdivision | Readings. |
| Topical term or geographic name entry element | Qur'an |
| General subdivision | Recitation. |
| Topical term or geographic name entry element | Qur'an |
| General subdivision | Criticism, interpretation, etc. |
| Topical term or geographic name entry element | Qur'an |
| General subdivision | Translating |
| Topical term or geographic name entry element | Qur'an |
| General subdivision | Appreciation |
| 710 2# - ADDED ENTRY--CORPORATE NAME | |
| Corporate name or jurisdiction name as entry element | Yayasan Warisan Ummah Ikhlas (UMMAHIKHLAS), |
| Relator term | organizer. |
| 830 #0 - SERIES ADDED ENTRY--UNIFORM TITLE | |
| Uniform title | Karya bestari |
| 942 ## - ADDED ENTRY ELEMENTS (KOHA) | |
| Source of classification or shelving scheme | Dewey Decimal Classification |
| Koha item type | Book |
| Withdrawn | Not for loan | Current library | Shelving location | Date acquired | Total Checkouts | Full call number | Barcode | Date last seen | Koha item type | Checked out | Date last checked out |
|---|---|---|---|---|---|---|---|---|---|---|---|
| Perpustakaan Alor Setar | Pinjaman Dewasa | 11/01/2024 | 297.1224045 NOT | A01803325 | 11/01/2024 | Book | |||||
| Perpustakaan Awam Sungai Petani | Pinjaman Dewasa | 11/01/2024 | 297.1224045 NOT | A01803326 | 11/01/2024 | Book | |||||
| Perpustakaan Baling | Pinjaman Dewasa | 11/01/2024 | 297.1224045 NOT | A01803330 | 11/01/2024 | Book | |||||
| Perpustakaan Bandar Baharu | Pinjaman Dewasa | 11/01/2024 | 297.1224045 NOT | A01803331 | 11/01/2024 | Book | |||||
| Perpustakaan Jitra | Pinjaman Dewasa | 11/01/2024 | 1 | 297.1224045 NOT | A01803327 | 12/05/2026 | Book | 02/06/2026 | 12/05/2026 | ||
| Perpustakaan Kuala Nerang | Pinjaman Dewasa | 11/01/2024 | 297.1224045 NOT | A01803335 | 11/01/2024 | Book | |||||
| Perpustakaan Kulim | Pinjaman Dewasa | 11/01/2024 | 297.1224045 NOT | A01803329 | 11/01/2024 | Book | |||||
| Perpustakaan Langkawi | Pinjaman Dewasa | 11/01/2024 | 297.1224045 NOT | A01803328 | 11/01/2024 | Book | |||||
| Perpustakaan Merbok | Pinjaman Dewasa | 11/01/2024 | 1 | 297.1224045 NOT | A01803332 | 04/08/2025 | Book | 20/07/2025 | |||
| Perpustakaan Pendang | Pinjaman Dewasa | 11/01/2024 | 1 | 297.1224045 NOT | A01803336 | 02/01/2025 | Book | 04/12/2024 | |||
| Perpustakaan Sik | Pinjaman Dewasa | 11/01/2024 | 297.1224045 NOT | A01803334 | 11/01/2024 | Book | |||||
| Perpustakaan Yan | Pinjaman Dewasa | 11/01/2024 | 297.1224045 NOT | A01803333 | 11/01/2024 | Book |